| 000 | 00342nam a2200145Ia 4500 | ||
|---|---|---|---|
| 005 | 20251222144836.0 | ||
| 008 | 251222s9999||||xx |||||||||||||| ||spa|| | ||
| 020 | _a9505078056 | ||
| 082 | _a282.092/P54 | ||
| 100 | _aPierce, Brian J. | ||
| 245 | 0 | _aSan MartÃn de Porres: | |
| 250 | _a2da. ed. | ||
| 264 | _bEditorial Bonum | ||
| 942 | _cLIB | ||
| 999 |
_c21046 _d21046 |
||